Philadelphia Union Best Scorer By Year - Statistics

General Stats
  • This quiz has been taken 51 times
    3 since last reset
  • The average score is 4 of 9
Answer Stats
Player % Correct
Sébastien Le Toux
100%
Dániel Gazdag
67%
Tai Baribo
67%
Chris Pontius
33%
C.J. Sapong
33%
Cory Burke
33%
Jack McInerney
33%
Kacper Przybyłko
33%
Sergio Santos Gomes
33%
No matching quizzes found
Score Distribution
Percent of People with Each Score
Percentile by Number Answered
Your Score History
You have not taken this quiz since the last reset